5HLuxD.jpg

KING HENRY VIII SENIOR AND PRIMARY SCHOOL LIBRARY OPAC

Curious about worms / (Record no. 1887)

000 -LEADER
fixed length control field 01526cam a22003977i 4500
001 - CONTROL NUMBER
control field 19533214
003 - CONTROL NUMBER IDENTIFIER
control field OSt
005 - DATE AND TIME OF LATEST TRANSACTION
control field 20230214083539.0
008 - FIXED-LENGTH DATA ELEMENTS--GENERAL INFORMATION
fixed length control field 170301s2017 nyua j 000 0 eng d
010 ## - LIBRARY OF CONGRESS CONTROL NUMBER
LC control number 2017935685
020 ## - INTERNATIONAL STANDARD BOOK NUMBER
International Standard Book Number 9780451533692 (pbk)
035 ## - SYSTEM CONTROL NUMBER
System control number (OCoLC)ocn949913140
040 ## - CATALOGING SOURCE
Original cataloging agency YDXCP
Language of cataloging eng
Transcribing agency YDXCP
Description conventions rda
Modifying agency BTCTA
-- BDX
-- OCLCQ
-- SINLB
-- OCLCO
-- OCLCF
-- CPCBT
-- IMD
-- NZEPN
-- DLC
-- KH8
042 ## - AUTHENTICATION CODE
Authentication code lccopycat
082 04 - DEWEY DECIMAL CLASSIFICATION NUMBER
Classification number 592.3 WAT
Edition number 23
100 1# - MAIN ENTRY--PERSONAL NAME
Personal name Waters, Kate,
Relator term author.
245 10 - TITLE STATEMENT
Title Curious about worms /
Statement of responsibility, etc. by Kate Waters.
264 #1 - PRODUCTION, PUBLICATION, DISTRIBUTION, MANUFACTURE, AND COPYRIGHT NOTICE
Place of production, publication, distribution, manufacture New York, New York :
Name of producer, publisher, distributor, manufacturer Grosset & Dunlap, an imprint of Penguin Random House,
Date of production, publication, distribution, manufacture, or copyright notice [2017]
300 ## - PHYSICAL DESCRIPTION
Extent 1 volume (unpaged) :
Other physical details color illustrations ;
Dimensions 21 cm
336 ## - CONTENT TYPE
Content type term text
Source rdacontent
337 ## - MEDIA TYPE
Media type term unmediated
Source rdamedia
338 ## - CARRIER TYPE
Carrier type term volume
Source rdacarrier
490 1# - SERIES STATEMENT
Series statement Smithsonian
500 ## - GENERAL NOTE
General note At head of title: Smithsonian.
520 ## - SUMMARY, ETC.
Summary, etc. Provides an introduction to worms, including their physical characteristics, where they live, and what they eat.
650 #0 - SUBJECT ADDED ENTRY--TOPICAL TERM
Topical term or geographic name entry element Worms
Form subdivision Juvenile literature.
650 #1 - SUBJECT ADDED ENTRY--TOPICAL TERM
Topical term or geographic name entry element Worms.
650 #7 - SUBJECT ADDED ENTRY--TOPICAL TERM
Topical term or geographic name entry element Worms.
Source of heading or term fast
Authority record control number or standard number (OCoLC)fst01181421
655 #4 - INDEX TERM--GENRE/FORM
Genre/form data or focus term Children's nonfioction.
Institution to which field applies NZ-WeK
655 #7 - INDEX TERM--GENRE/FORM
Genre/form data or focus term Juvenile works.
Source of term fast
Authority record control number or standard number (OCoLC)fst01411637
710 2# - ADDED ENTRY--CORPORATE NAME
Corporate name or jurisdiction name as entry element Smithsonian Institution.
830 #0 - SERIES ADDED ENTRY--UNIFORM TITLE
Uniform title Smithsonian.
906 ## - LOCAL DATA ELEMENT F, LDF (RLIN)
a 7
b cbc
c copycat
d 2
e ncip
f 20
g y-gencatlg
942 ## - ADDED ENTRY ELEMENTS (KOHA)
Source of classification or shelving scheme
Koha item type Books - Non Ficton
Holdings
Withdrawn status Lost status Source of classification or shelving scheme Damaged status Not for loan Collection code Permanent Location Current Location Shelving location Date acquired Total Checkouts Total Renewals Full call number Barcode Date due Date last seen Date last checked out Price effective from Koha item type
          Non-Fiction KH8 Primary School Library KH8 Primary School Library Non Fiction 2023-02-14 13 1 592.3 WAT KHPL000003616 2026-01-19 2024-09-12 2024-09-12 2023-02-14 Books - Non Ficton

Powered By KH8 IT Dept